Využitie moderných 3D enginov v priemysle a inteligentnej domácnosti
Saved in:
| Main Author: | |
|---|---|
| Other Authors: | |
| Format: | Manuscript Book |
| Language: | Slovak |
| Published: |
2017
|
| Subjects: | |
| Online Access: | http://is.stuba.sk/zp/portal_zp.pl?podrobnosti=127422 |
| Tags: |
No Tags, Be the first to tag this record!
|
MARC
| LEADER | 00000ntm a22000003a 4500 | ||
|---|---|---|---|
| 001 | stuzp61211 | ||
| 003 | SK-STU | ||
| 005 | 20170627095222.0 | ||
| 007 | ta | ||
| 008 | 150427s2015----xo-----f-mn---000-0-slo-d | ||
| 040 | |a STU |b slo | ||
| 041 | 0 | |a slo | |
| 044 | |a xo | ||
| 100 | 1 | |a Tarasovič, Tomáš |u 035000 |4 aut |U FEI Fakulta elektrotechniky a informatiky |T FEI Ústav informatiky a matematiky |X 53935 |U E050 |Y 816 |7 53935 | |
| 242 | 0 | 1 | |a Usage of advanced 3D engines in industrial applications and smart houses |y eng |
| 245 | 1 | 0 | |a Využitie moderných 3D enginov v priemysle a inteligentnej domácnosti |
| 260 | |c 2017 | ||
| 300 | |a 56 s., príl., |b CD-ROM | ||
| 650 | 4 | |a Arduino |2 slo | |
| 650 | 4 | |a senzory |2 slo | |
| 650 | 4 | |a vizualizácia |2 slo | |
| 650 | 4 | |a Unity |2 slo | |
| 650 | 4 | |a Arduino |2 eng | |
| 650 | 4 | |a sensors |2 eng | |
| 650 | 4 | |a visualization |2 eng | |
| 650 | 4 | |a Unity |2 eng | |
| 700 | 1 | |a Kučera, Erik |u 030400 |k Z1 |4 ths |U FEI Fakulta elektrotechniky a informatiky |T FEI Ústav automobilovej mechatroniky |X 55901 |U E400 |Y 642 |7 A000055901 | |
| 856 | 4 | |u http://is.stuba.sk/zp/portal_zp.pl?podrobnosti=127422 | |
| 996 | |b 284EP11615 |c E*DIPL- 11615 |l EE35 |s P |a 0 |w stuzp61211_0001 | ||